000 00858nam a2200265Ia 4500
003 OSt
005 20221005083656.0
006 a|||||r|||| 00| 0
007 ta
008 221004b |||||||| |||| 00| 0 eng d
020 _a9789382711629 (pbk)
_cINR 395.00
024 _a34886
037 _b570/2017-18, 14/09/2017, Vitasta Publishing Pvt. Ltd.
_cTextual
040 _aCRL
_cCRL
_beng
041 _2eng
_aeng
082 _aV2:2, Q7
100 _aTewari Manish Au.
_9612715
245 0 _aDecoding a decade
_b the politics of policy making
260 _aNew Delhi
_bVitasta India
_c2017
300 _av,321p.
_ccm.
650 _a PUBLIC ADMINISTRATION - INDIA
_933534
650 _aINDIA - HISTORY
942 _hV2:2, Q7
_cTEXL
_2cc
999 _c991346
_d991346